[Event "POL-chT U19 2nd League"]
[Site "Iwonicz"]
[Date "2015.08.01"]
[Round "6.68"]
[White "Bakalarczyk, Jakub"]
[Black "Jagla, Artur"]
[Result "1-0"]
[WhiteElo "1580"]
[BlackElo "1663"]
[PlyCount "57"]
[EventDate "2015.07.25"]
[EventType "team-swiss"]
[EventRounds "11"]
[EventCountry "POL"]
[SourceTitle "EXT 2019"]
[Source "ChessBase"]
[SourceDate "2018.10.10"]
[SourceVersion "1"]
[SourceVersionDate "2018.10.10"]
[SourceQuality "1"]
[WhiteTeam "Wielun UKS Piatka U19"]
[BlackTeam "Myslenice MLKSz U19"]
[WhiteTeamCountry "POL"]
[BlackTeamCountry "POL"]

1. d4 Nf6 2. c4 c5 3. Nf3 g6 4. Nc3 cxd4 5. Nxd4 Bg7 6. g3 Nc6 7. Nxc6 bxc6 8. Bg2 Rb8 9. 0-0 Rb4 10. b3 Ne4 11. Nxe4 Bxa1 12. Bd2 Rb8 13. Qxa1 f6 14. Bh6 Rg8 15. Bf4 Ra8 16. Rd1 Kf7 17. Nc5 Qe8 18. b4 a6 19. a4 g5 20. Be3 d6 21. b5 axb5 22. cxb5 d5 23. bxc6 e6 24. Rc1 Rf8 25. Nb7 Kg6 26. Nd6 Qd8 27. Nxc8 Qxc8 28. Bb6 Qa6 29. a5 1-0

[Event "POL-chT U19 2nd League"]
[Site "Iwonicz"]
[Date "2015.08.01"]
[Round "3.38"]
[White "Jagla, Artur"]
[Black "Drozniak, Stanislaw"]
[Result "0-1"]
[WhiteElo "1663"]
[BlackElo "1899"]
[PlyCount "92"]
[EventDate "2015.07.25"]
[EventType "team-swiss"]
[EventRounds "11"]
[EventCountry "POL"]
[SourceTitle "EXT 2019"]
[Source "ChessBase"]
[SourceDate "2018.10.10"]
[SourceVersion "1"]
[SourceVersionDate "2018.10.10"]
[SourceQuality "1"]
[WhiteTeam "Myslenice MLKSz U19"]
[BlackTeam "Jastrzebie Zdroj Pionier U19"]
[WhiteTeamCountry "POL"]
[BlackTeamCountry "POL"]

1. e4 c5 2. Nf3 d6 3. b4 cxb4 4. d4 e6 5. Bd3 Nf6 6. a3 Nc6 7. 0-0 Be7 8. Nbd2 0-0 9. axb4 Nxb4 10. Be2 d5 11. e5 Nd7 12. c3 Nc6 13. Ba3 f6 14. exf6 Rxf6 15. Bb5 Bxa3 16. Rxa3 Qe7 17. Ra1 e5 18. Bxc6 bxc6 19. Nxe5 Nxe5 20. dxe5 Qxe5 21. c4 Be6 22. cxd5 Bxd5 23. f3 Rh6 24. g3 Re8 25. Ne4 Rhe6 26. Ra4 Qb2 27. Qd4 Qxd4+ 28. Rxd4 Bxe4 29. fxe4 Rxe4 30. Rd7 R4e7 31. Rd6 Rc7 32. Rc1 Rec8 33. Rc5 Kf7 34. Rd2 Re8 35. Ra2 Ke7 36. Rd2 Rd8 37. Rdc2 Kd7 38. Kf2 Re8 39. Rd2+ Kc8 40. Rb2 Re6 41. Rbc2 Rd6 42. Ke3 Re7+ 43. Kf2 Kc7 44. Ra5 Kb6 45. Rca2 Rd2+ 46. Rxd2 Kxa5 0-1

[Event "POL-chT U19 2nd League"]
[Site "Iwonicz"]
[Date "2015.08.01"]
[Round "10.98"]
[White "Jagla, Artur"]
[Black "Kedzierski, Marcin"]
[Result "1-0"]
[WhiteElo "1663"]
[BlackElo "1437"]
[PlyCount "35"]
[EventDate "2015.07.25"]
[EventType "team-swiss"]
[EventRounds "11"]
[EventCountry "POL"]
[SourceTitle "EXT 2019"]
[Source "ChessBase"]
[SourceDate "2018.10.10"]
[SourceVersion "1"]
[SourceVersionDate "2018.10.10"]
[SourceQuality "1"]
[WhiteTeam "Myslenice MLKSz U19"]
[BlackTeam "Wloszakowice UKS ZSO U19"]
[WhiteTeamCountry "POL"]
[BlackTeamCountry "POL"]

1. e4 c6 2. Nf3 d5 3. Nc3 dxe4 4. Nxe4 Nd7 5. Bc4 Ngf6 6. Neg5 e6 7. Qe2 Nb6 8. Ne5 Qd4 9. Bb3 Bd6 10. Nexf7 0-0 11. c3 Qh4 12. Nf3 Qg4 13. Nxd6 Nfd5 14. Rg1 Nf4 15. Qe4 Bd7 16. g3 Nc8 17. gxf4 Nxd6 18. Qe5 1-0

[Event "POL-chT U19 2nd League"]
[Site "Iwonicz"]
[Date "2015.08.01"]
[Round "2.38"]
[White "Putlak, Wojciech"]
[Black "Jagla, Artur"]
[Result "1/2-1/2"]
[WhiteElo "1639"]
[BlackElo "1663"]
[PlyCount "87"]
[EventDate "2015.07.25"]
[EventType "team-swiss"]
[EventRounds "11"]
[EventCountry "POL"]
[SourceTitle "EXT 2019"]
[Source "ChessBase"]
[SourceDate "2018.10.10"]
[SourceVersion "1"]
[SourceVersionDate "2018.10.10"]
[SourceQuality "1"]
[WhiteTeam "Gdansk Korona U19"]
[BlackTeam "Myslenice MLKSz U19"]
[WhiteTeamCountry "POL"]
[BlackTeamCountry "POL"]

1. d4 Nf6 2. c4 d6 3. Nf3 g6 4. g3 Bg7 5. Bg2 0-0 6. 0-0 Nbd7 7. Nc3 e5 8. e3 Ne8 9. e4 a6 10. Be3 Nef6 11. h3 b5 12. cxb5 axb5 13. dxe5 dxe5 14. a3 Ba6 15. Re1 Qe7 16. Nd5 Nxd5 17. exd5 Rfd8 18. Nd2 Rac8 19. Ne4 h6 20. Rc1 f5 21. d6 cxd6 22. Qxd6 Qxd6 23. Nxd6 Rxc1 24. Rxc1 e4 25. Rc2 Ne5 26. Rd2 Nf7 27. Nxf7 Rxd2 28. Bxd2 Kxf7 29. Bf1 Bxb2 30. a4 g5 31. axb5 Bb7 32. Bc4+ Kf6 33. h4 Bd4 34. Kf1 Be5 35. Ba5 e3 36. Bd8+ Kg6 37. fxe3 Bxg3 38. hxg5 hxg5 39. Be6 Bd6 40. Bd7 f4 41. exf4 gxf4 42. Bc6 Bxc6 43. bxc6 Kf7 44. Bb6 1/2-1/2

[Event "Solina Mind Sports U14 op"]
[Site "Solina"]
[Date "2012.04.21"]
[Round "9"]
[White "Madej, Roman"]
[Black "Jagla, Artur"]
[Result "1-0"]
[WhiteElo "1592"]
[BlackElo "1662"]
[PlyCount "69"]
[EventDate "2012.04.15"]
[EventType "swiss"]
[EventRounds "9"]
[EventCountry "POL"]
[SourceTitle "EXT 2014"]
[Source "ChessBase"]
[SourceDate "2013.11.20"]
[SourceVersion "1"]
[SourceVersionDate "2013.11.20"]
[SourceQuality "1"]

1. d4 Nf6 2. c4 g6 3. Nc3 Bg7 4. e4 d6 5. f3 0-0 6. Be3 Nbd7 7. Bd3 c6 8. Nge2 b6 9. 0-0 Bb7 10. d5 cxd5 11. cxd5 Rc8 12. Rc1 Ne5 13. f4 Nxd3 14. Qxd3 Kh8 15. h3 e6 16. dxe6 fxe6 17. Rfd1 d5 18. exd5 Bxd5 19. Nxd5 Nxd5 20. Rxc8 Qxc8 21. Bd4 Nf6 22. Be5 Rf7 23. Qd8+ Qxd8 24. Rxd8+ Ng8 25. Nd4 Bf6 26. Nxe6 h6 27. Nf8 Rg7 28. Bxf6 Nxf6 29. Nxg6+ Kh7 30. Nf8+ Kh8 31. Nd7+ Ng8 32. Nf6 Rg6 33. Rxg8+ Rxg8 34. Nxg8 Kxg8 35. Kf2 1-0

[Event "Solina Mind Sports U14 op"]
[Site "Solina"]
[Date "2012.04.19"]
[Round "6"]
[White "Jagla, Artur"]
[Black "Mendak, Mateusz"]
[Result "0-1"]
[WhiteElo "1662"]
[BlackElo "1501"]
[PlyCount "88"]
[EventDate "2012.04.15"]
[EventType "swiss"]
[EventRounds "9"]
[EventCountry "POL"]
[SourceTitle "EXT 2014"]
[Source "ChessBase"]
[SourceDate "2013.11.20"]
[SourceVersion "1"]
[SourceVersionDate "2013.11.20"]
[SourceQuality "1"]

1. a3 e5 2. c4 Nf6 3. Nc3 d5 4. cxd5 Nxd5 5. d3 Nc6 6. Nf3 Be6 7. Bd2 Bc5 8. Nxd5 Bxd5 9. e4 Be6 10. h3 Nd4 11. Nxd4 Bxd4 12. Qc2 c6 13. Bc3 0-0 14. Be2 h6 15. Bxd4 Qxd4 16. 0-0 Rfd8 17. Rfd1 Rd7 18. Bf1 Rad8 19. b4 Qb6 20. Qc3 Rd4 21. Kh1 R8d7 22. f3 f6 23. Qc2 Kf7 24. Be2 R7d6 25. Bf1 Qb5 26. Be2 a5 27. a4 Qa6 28. bxa5 Qxa5 29. Rdb1 b6 30. Kh2 c5 31. Rd1 Rb4 32. Rdb1 Rdd4 33. Qc3 Rxa4 34. Qxa5 Rxa5 35. Rxa5 bxa5 36. Rb5 a4 37. Ra5 Bb3 38. Kg3 c4 39. dxc4 Bxc4 40. Rxa4 Bxe2 41. Ra2 Bd3 42. Kh2 g5 43. Rb2 Bxe4 44. Re2 Bd5 0-1